| 000 | 00349pab a2200145 454500 | ||
|---|---|---|---|
| 008 | 180718b1995 xxu||||| |||| 00| 0 eng d | ||
| 100 | _aBehl, R.K. | ||
| 245 |
_aEnvironmental issues _bdisturbing developments. |
||
| 260 | _c1995 | ||
| 300 | _ap.10 | ||
| 362 | _a5 Jun | ||
| 650 | _aEnvironmental law - India | ||
| 773 | _aTribune | ||
| 909 | _a29025 | ||
| 999 |
_c29025 _d29025 |
||